| 000 | 00703nam a2200217Ia 4500 | ||
|---|---|---|---|
| 003 | OSt | ||
| 005 | 20221007075647.0 | ||
| 006 | a|||||r|||| 00| 0 | ||
| 007 | ta | ||
| 008 | 221006b |||||||| |||| 00| 0 eng d | ||
| 024 | _a36,055 | ||
| 037 | _cReports / Technical Reports | ||
| 040 |
_aFLL _cFLL _beng |
||
| 041 |
_2eng _aeng |
||
| 082 | _aZ2,8, Q0 | ||
| 245 | 0 | _aCampaign for judicial accountability and reforms- 3rd National Convention on Making the judiciary accountable and responsive to the people | |
| 260 |
_aNew Delhi _bNehru Memorial Museum and Library India _c2010 |
||
| 300 |
_a137p _ccm. |
||
| 942 |
_hZ2,8, Q0 _cREP _2CC |
||
| 999 |
_c1156921 _d1156921 |
||